Statistiques concernant Géographie européenne A-Z

Cliquez ici pour prendre le quiz!

Statistiques générales

  • Ce quiz a été pris 408 fois
  • Le résultat moyen est 9 sur 26

Statistiques - réponses

allusionrépondre% Correct
Ila région de ParisÎle-de-France
90%
Jchaîne de montagnes bordant la France et la SuisseJura
86%
Qrue française par une rivière; p. ex. ___ d'Orsayquai
85%
Rune fois l'emplacement du colosseRhodes
71%
Trégion roumaine associée aux vampiresTransylvanie
67%
Marchipel portugais et destination touristiqueMadère
61%
Eest devenu indépendant en 1920 et 1991Estonie
60%
Vville de Hofburg et château de SchönbrunnVienne
45%
Yport de Crimée et ville de villégiatureYalta
44%
Ucapitale néerlandaise de la province d'UtrechtUtrecht
40%
Lrégion italienne contenant RomeLatium
39%
Opremier ministre hongroisViktor {Orbán}
37%
Alieu olympique d'été 1920Anvers
24%
Ccomté anglais le plus à l'ouestCornouailles
24%
Pville tchèque où la bière Pilsner est brasséePlzeň
16%
GGenève, en allemandGenf
15%
Hroyaume d'Allemagne jusqu'en 1866Hanovre
13%
Wdomicile du club de football britannique WanderersWolverhampton
13%
Bconnu sous le nom de Pressburg jusqu'en 1919Bratislava
10%
Kville de l'aéroport de ReykjavíkKeflavík
8%
Sle plus long fleuve d'IrlandeShannon
7%
Fpont écossais, traversant le firth (estuaire) du même nomForth Bridge
3%
NCap Nord du Norvège, en norvégienNordkapp
3%
Xville allemande, 20 km de Pays-BasXanten
2%
Zce golfe néerlandais est devenu IJsselmeerZuiderzee
2%
Dla plus grande ville de Saint-MarinDogana
1%

Distribution des résultats

Percentile par nombre de réponses

% des personnes avec chaque résultat

Votre développement - résultats

Vous n’avez pas pris ce quiz